Southville International School and Colleges
Your cart is empty.
  • Cart
  • Lists
    Public lists Eva Luna New books Lux_list list_1
    Your lists Log in to create your own lists
  • Log in to your account
  • Your cookies
  • Search history
Southville International School and Colleges
  • Advanced search
  • Recent comments
  • Most popular
  • Libraries

Log in to your account

Log in with GOOGLE


If you do not have an external account, but do have a local account, you can still log in:

  1. Home
  2. MARC view: New feet for old /
Normal view MARC view ISBD view

New feet for old / (Record no. 103430)

[ view plain ]
MARC details
000 -LEADER
fixed length control field 00503nam a2200169 a 4500
005 - DATE AND TIME OF LATEST TRANSACTION
control field 20140412111301.0
008 - FIXED-LENGTH DATA ELEMENTS--GENERAL INFORMATION
fixed length control field 001116s19uu xx 00 eng d
020 ## - INTERNATIONAL STANDARD BOOK NUMBER
International Standard Book Number 0-02-792371-1
050 ## - LIBRARY OF CONGRESS CALL NUMBER
Classification number TR(PS E
Item number Ne42 1992
100 ## - MAIN ENTRY--PERSONAL NAME
Personal name Waller, Barrett
245 ## - TITLE STATEMENT
Title New feet for old /
Statement of responsibility, etc Barrett Wallet ; illustrated by Harvey Stevenson.
260 ## - PUBLICATION, DISTRIBUTION, ETC. (IMPRINT)
Place of publication, distribution, etc New York :
Name of publisher, distributor, etc Four Winds,
Date of publication, distribution, etc 1992.
300 ## - PHYSICAL DESCRIPTION
Extent 1 v. (unp.) ; col. ; ill.
650 ## - SUBJECT ADDED ENTRY--TOPICAL TERM
Topical term or geographic name as entry element Foot -- Fiction
650 ## - SUBJECT ADDED ENTRY--TOPICAL TERM
Topical term or geographic name as entry element Peddlers and peddling
Holdings
Withdrawn status Lost status Damaged status Use restrictions Home library Current library Shelving location Date acquired Source of acquisition Total Checkouts Full call number Barcode Date last seen Price effective from Koha item type
        Elizalde Library Elizalde Library Teachers Reference Section 11/16/2000     TR(PS E Ne42 1992 E4798 04/12/2014 04/12/2014 Books

New feet for old /

APA

Waller B., . (1992). New feet for old. New York: Four Winds.

Chicago

Waller Barrett, . 1992. New feet for old. New York: Four Winds.

Harvard

Waller B., . (1992). New feet for old. New York: Four Winds.

MLA

Waller Barrett, . New feet for old. New York: Four Winds. 1992.

  • Place hold
  • Print
  • Cite
  • Add to your cart (remove)
  • Save record
    BIBTEX Dublin Core MARCXML MARC (non-Unicode/MARC-8) MARC (Unicode/UTF-8) MARC (Unicode/UTF-8, Standard) MODS (XML) RIS
  • More searches
    Search for this title in:
    Other Libraries (WorldCat) Other Databases (Google Scholar) Online Stores (Bookfinder.com) Open Library (openlibrary.org)

Exporting to Dublin Core...

SOUTHVILLE LIBRARY

Southville International School and Colleges Library

1281 Tropical Ave. Cor. Luxembourg St., BF Homes International, Las Pinas City

Tel. No. 8256374 / 252358 Loc. 117/146

Powered by Koha